[Event "GER-chT U20"]
[Site "Willingen"]
[Date "2021.06.26"]
[Round "6"]
[White "Bargsten, Justus"]
[Black "Wu, Luka"]
[Result "1-0"]
[WhiteElo "2052"]
[BlackElo "2065"]
[PlyCount "59"]
[EventDate "2021.06.24"]
[EventType "team-swiss"]
[EventRounds "7"]
[EventCountry "GER"]
[SourceTitle "CBM 203 Extra"]
[Source "ChessBase"]
[SourceDate "2021.09.30"]
[SourceVersion "1"]
[SourceVersionDate "2021.09.30"]
[SourceQuality "1"]
[WhiteTeam "Uelzen Post"]
[BlackTeam "Baden-Baden"]
[WhiteTeamCountry "GER"]
[BlackTeamCountry "GER"]

1. e4 c5 2. Nf3 d6 3. d4 cxd4 4. Nxd4 Nf6 5. Nc3 g6 6. Be3 Bg7 7. f3 0-0 8. Qd2 Nc6 9. Bc4 Bd7 10. 0-0-0 Rb8 11. Bb3 Na5 12. g4 b5 13. Bh6 Bxh6 14. Qxh6 e5 15. Nf5 Nxb3+ 16. cxb3 gxf5 17. g5 Ne8 18. Nd5 f6 19. Rhg1 Rf7 20. gxf6+ Kh8 21. Ne7 Nxf6 22. Ng6+ Kg8 23. Nxe5+ Ng4 24. Nxf7 Kxf7 25. Qxh7+ Ke8 26. fxg4 Rc8+ 27. Kb1 Qe7 28. Qg6+ Kd8 29. exf5 Qe4+ 30. Ka1 1-0

[Event "GER-chT U20"]
[Site "Willingen"]
[Date "2021.06.25"]
[Round "3"]
[White "Fieberg, Samuel"]
[Black "Wu, Luka"]
[Result "1-0"]
[WhiteElo "2180"]
[BlackElo "2065"]
[PlyCount "143"]
[EventDate "2021.06.24"]
[EventType "team-swiss"]
[EventRounds "7"]
[EventCountry "GER"]
[SourceTitle "CBM 203 Extra"]
[Source "ChessBase"]
[SourceDate "2021.09.30"]
[SourceVersion "1"]
[SourceVersionDate "2021.09.30"]
[SourceQuality "1"]
[WhiteTeam "Porz SG"]
[BlackTeam "Baden-Baden"]
[WhiteTeamCountry "GER"]
[BlackTeamCountry "GER"]

1. e4 c5 2. Nf3 d6 3. d4 cxd4 4. Nxd4 Nf6 5. Nc3 g6 6. g3 Nc6 7. Bg2 Nxd4 8. Qxd4 Bg7 9. 0-0 0-0 10. a4 Bd7 11. Qb4 Bc6 12. Nd5 Nd7 13. Bg5 Re8 14. c3 a5 15. Qb3 h6 16. Be3 e6 17. Nb6 Ra6 18. Nxd7 Qxd7 19. Rfd1 Qe7 20. Rd2 f5 21. exf5 Bxg2 22. Kxg2 gxf5 23. Qb5 Rc8 24. Re1 d5 25. Bd4 Bxd4 26. Rxd4 Rc5 27. Qe2 Qf6 28. Qh5 Kg7 29. Qe8 Qf7 30. Qd8 Rac6 31. Qb8 Kh7 32. Re3 Rc8 33. Qe5 R5c6 34. Rd2 Rg8 35. f4 Ra8 36. Rde2 Kg6 37. Qd4 Qf6 38. Re5 Raa6 39. Qd3 Kf7 40. Qb5 Rc7 41. h3 Qd8 42. Rd2 Qd7 43. c4 Qxb5 44. axb5 Rd6 45. cxd5 Rxd5 46. Rdxd5 exd5 47. Rxd5 Rc2+ 48. Kf3 Rxb2 49. Rxf5+ Kg7 50. Rd5 b6 51. Ke4 Rb3 52. g4 a4 53. Kf5 Rxh3 54. Rd7+ Kf8 55. Kf6 Ke8 56. Re7+ Kd8 57. Rb7 Rf3 58. Kf5 a3 59. Rxb6 a2 60. Ra6 Rb3 61. Rxa2 Rxb5+ 62. Kg6 Rb6+ 63. Kh5 Ke8 64. Ra7 Kf8 65. Rh7 Kg8 66. Rxh6 Rb5+ 67. g5 Kg7 68. Ra6 Kh7 69. Ra7+ Kg8 70. Kh6 Rb4 71. g6 Rb8 72. f5 1-0

[Event "GER-chT Christmas U16 Lasker"]
[Site "Playchess.com INT"]
[Date "2020.12.28"]
[Round "3.3"]
[White "Wu, Luka"]
[Black "Hoffmann, Tom"]
[Result "0-1"]
[WhiteElo "2065"]
[BlackElo "1296"]
[PlyCount "110"]
[EventDate "2020.12.28"]
[EventType "team-swiss (blitz)"]
[EventRounds "7"]
[EventCountry "GER"]
[SourceTitle "CBM 200 Extra"]
[Source "ChessBase"]
[SourceDate "2021.03.31"]
[SourceVersion "1"]
[SourceVersionDate "2021.03.31"]
[SourceQuality "1"]
[WhiteTeam "Baden-Baden"]
[BlackTeam "Kastellaun"]
[WhiteTeamCountry "GER"]
[BlackTeamCountry "GER"]

1. e4 c5 2. Nf3 d6 3. d4 cxd4 4. Nxd4 Nf6 5. Nc3 a6 6. Bg5 e6 7. f4 Be7 8. Qf3 e5 9. Nf5 Bxf5 10. exf5 Nc6 11. 0-0-0 Nd4 12. Qd3 0-0 13. h3 Rc8 14. Kb1 Qa5 15. g4 Rc7 16. Bxf6 Bxf6 17. g5 Rfc8 18. gxf6 Rxc3 19. bxc3 Rxc3 20. Qxc3 Qxc3 21. Bd3 Qb4+ 22. Kc1 Nb5 23. Bxb5 Qxf4+ 24. Rd2 axb5 25. fxg7 Kxg7 26. Rg1+ Kf8 27. Rgd1 Qxf5 28. Rxd6 Qxh3 29. Rd8+ Ke7 30. Rb8 Qe3+ 31. Kb1 Qb6 32. Rh8 h6 33. Rg8 f5 34. Rg7+ Kf6 35. Rgd7 Qe3 36. Rxb7 f4 37. Rxb5 f3 38. Rb8 Ke7 39. Rb7+ Ke6 40. Rb8 f2 41. Rf8 Qe2 42. Rh1 Qe1+ 43. Rxe1 fxe1Q+ 44. Kb2 Qb4+ 45. Kc1 Qxf8 46. Kb2 h5 47. a4 h4 48. a5 Qb4+ 49. Ka2 Qxa5+ 50. Kb2 h3 51. Kb3 h2 52. Kb2 h1Q 53. Kb3 Qf3+ 54. Kb2 Qfc3+ 55. Kb1 Qaa1# 0-1

[Event "GER-chT Lands U20"]
[Site "Berlin"]
[Date "2020.10.03"]
[Round "6.4"]
[White "Nguyen, Huy Dat"]
[Black "Wu, Luka"]
[Result "1-0"]
[WhiteElo "2166"]
[BlackElo "2019"]
[PlyCount "105"]
[EventDate "2020.09.29"]
[EventType "team-swiss"]
[EventRounds "7"]
[EventCountry "GER"]
[SourceTitle "CBM 198 Extra"]
[Source "ChessBase"]
[SourceDate "2020.11.30"]
[SourceVersion "1"]
[SourceVersionDate "2020.11.30"]
[SourceQuality "1"]
[WhiteTeam "Thueringen U20"]
[BlackTeam "Baden U20"]
[WhiteTeamCountry "GER"]
[BlackTeamCountry "GER"]

1. e4 c5 2. Nf3 d6 3. Bc4 a6 4. a4 Nf6 5. d3 Bg4 6. e5 d5 7. Bb3 Ng8 8. h3 Bh5 9. g4 Bg6 10. Bg5 h6 11. Bh4 Qa5+ 12. Nbd2 e6 13. Qe2 Ne7 14. Bg3 Nec6 15. c3 Nd7 16. 0-0 Be7 17. Bc2 Qc7 18. Rfc1 Ra7 19. d4 Bxc2 20. Rxc2 c4 21. Nf1 b5 22. N3h2 Qa5 23. f4 bxa4 24. f5 g6 25. Qf3 a3 26. bxa3 Nb6 27. a4 Rb7 28. Be1 Nd7 29. Ne3 Rb3 30. Nxc4 Qc7 31. Nd6+ Bxd6 32. exd6 Qxd6 33. Bg3 Qe7 34. fxe6 fxe6 35. Qd3 Rg8 36. Qxa6 Nxd4 37. Bd6 Rb6 38. Qc8+ Qd8 39. cxd4 Rxd6 40. Rf1 Ke7 41. Qc3 Qb6 42. a5 Qa7 43. Rcf2 Rf8 44. Nf3 Rf4 45. Kg2 g5 46. Qa3 Qc7 47. a6 Qa7 48. Ne5 Qxa6 49. Qxa6 Rxa6 50. Ng6+ Kd6 51. Nxf4 gxf4 52. Rxf4 e5 53. Rf6+ 1-0

[Event "GER-chT Lands U20"]
[Site "Berlin"]
[Date "2020.09.30"]
[Round "1.2"]
[White "Kolb, Tobias"]
[Black "Wu, Luka"]
[Result "0-1"]
[WhiteElo "2268"]
[BlackElo "2019"]
[PlyCount "106"]
[EventDate "2020.09.29"]
[EventType "team-swiss"]
[EventRounds "7"]
[EventCountry "GER"]
[SourceTitle "CBM 198 Extra"]
[Source "ChessBase"]
[SourceDate "2020.11.30"]
[SourceVersion "1"]
[SourceVersionDate "2020.11.30"]
[SourceQuality "1"]
[WhiteTeam "Bayern U20"]
[BlackTeam "Baden U20"]
[WhiteTeamCountry "GER"]
[BlackTeamCountry "GER"]

1. d4 d5 2. c4 c6 3. Nc3 Nf6 4. cxd5 cxd5 5. Bf4 e6 6. e3 a6 7. Nf3 Be7 8. Bd3 Nc6 9. Ne5 Bd7 10. Rc1 0-0 11. g4 Ne8 12. g5 Nxe5 13. dxe5 Bc6 14. Rg1 g6 15. Rg3 Ng7 16. Kf1 Qb6 17. Rc2 Rfd8 18. Ne2 Rac8 19. Qc1 Rc7 20. Rg1 Rdc8 21. Nc3 Bb5 22. Qd2 Bxd3+ 23. Qxd3 Bb4 24. Kg2 Bxc3 25. bxc3 Qa5 26. Rgc1 Rc4 27. f3 Qa4 28. Bg3 Ne8 29. h4 Qc6 30. h5 b5 31. hxg6 fxg6 32. Be1 Nc7 33. Bd2 Na8 34. Rh1 Nb6 35. Rh6 Rc7 36. e4 b4 37. Be3 Rxc3 38. Rxc3 bxc3 39. Bxb6 Qxb6 40. exd5 Qb2+ 41. Kg3 Qb5 42. Rxg6+ Kh8 43. Qc2 hxg6 44. Qxg6 Qxd5 45. Qf6+ Kg8 46. Qg6+ Kf8 47. Qh6+ Ke8 48. Qg6+ Kd7 49. Qf7+ Kc8 50. Qf8+ Kb7 51. Qb4+ Ka7 52. g6 Qxe5+ 53. f4 Qc5 0-1

[Event "GER-chT U20"]
[Site "Braunschweig"]
[Date "2019.12.28"]
[Round "4.7"]
[White "Waffenschmidt, Lars"]
[Black "Wu, Luka"]
[Result "0-1"]
[WhiteElo "1885"]
[BlackElo "2073"]
[PlyCount "102"]
[EventDate "2019.12.27"]
[EventType "team-swiss"]
[EventRounds "7"]
[EventCountry "GER"]
[SourceTitle "CBM 194 Extra"]
[Source "ChessBase"]
[SourceDate "2020.03.31"]
[SourceVersion "1"]
[SourceVersionDate "2020.03.31"]
[SourceQuality "1"]
[WhiteTeam "Bebenhausen"]
[BlackTeam "Baden-Baden"]
[WhiteTeamCountry "GER"]
[BlackTeamCountry "GER"]

1. e4 e5 2. Nf3 Nc6 3. Bc4 Bc5 4. c3 Nf6 5. d4 exd4 6. cxd4 Bb4+ 7. Kf1 d5 8. exd5 Nxd5 9. Nc3 Be6 10. Qd3 Qd7 11. Bb5 0-0 12. Be3 a6 13. Ba4 Nb6 14. Bb3 Bf5 15. Qe2 Rae8 16. h3 Na5 17. Bc2 Nac4 18. Bb3 Na5 19. Bc2 Nbc4 20. Re1 b5 21. Kg1 c5 22. Kh2 Nc6 23. d5 Bxc3 24. bxc3 Qxd5 25. Rd1 Qe6 26. Rhe1 Nxe3 27. fxe3 Bxc2 28. Qxc2 h6 29. e4 Rd8 30. Qf2 Qc4 31. Qe3 Rfe8 32. Rxd8 Rxd8 33. Nh4 Rd3 34. Qf4 Qxc3 35. Rf1 Qe5 36. Qxe5 Nxe5 37. Rf2 c4 38. Nf5 Kf8 39. Rb2 c3 40. Rc2 b4 41. Rc1 a5 42. a3 b3 43. Rb1 c2 44. Rc1 g6 45. Nxh6 Rd1 46. Rxd1 cxd1Q 47. a4 b2 48. Ng4 Nxg4+ 49. hxg4 b1Q 50. e5 Qxg4 51. e6 Qh4# 0-1

[Event "GER-chT Lands U20"]
[Site "Wuerzburg"]
[Date "2019.10.04"]
[Round "5.4"]
[White "Weber, Samuel"]
[Black "Wu, Luka"]
[Result "1-0"]
[WhiteElo "2288"]
[BlackElo "2117"]
[PlyCount "95"]
[EventDate "2019.10.01"]
[EventType "team-swiss"]
[EventRounds "7"]
[EventCountry "GER"]
[SourceTitle "EXT 2020"]
[Source "ChessBase"]
[SourceDate "2019.10.17"]
[SourceVersion "1"]
[SourceVersionDate "2019.10.17"]
[SourceQuality "1"]
[WhiteTeam "Hessen"]
[BlackTeam "Baden"]
[WhiteTeamCountry "GER"]
[BlackTeamCountry "GER"]

1. e4 c5 2. c4 Nc6 3. g3 g6 4. Bg2 Bg7 5. Ne2 e6 6. Nbc3 Nge7 7. 0-0 0-0 8. Rb1 Rb8 9. d3 d6 10. Be3 a6 11. a4 Qc7 12. Qd2 Rd8 13. b3 b6 14. d4 e5 15. dxe5 dxe5 16. Nd5 Nxd5 17. cxd5 Nd4 18. Nxd4 cxd4 19. Bh6 Qd6 20. Bxg7 Kxg7 21. f4 f6 22. Rf2 Bd7 23. Rbf1 Rf8 24. h4 b5 25. a5 b4 26. h5 Rbc8 27. h6+ Kg8 28. fxe5 Qxe5 29. Qf4 Bb5 30. Qxe5 fxe5 31. Bh3 Bxf1 32. Be6+ Kh8 33. Bxc8 Rxc8 34. Rxf1 Kg8 35. Rf3 d3 36. Kf2 Rc2+ 37. Ke3 d2 38. Ke2 Rc3 39. Rxc3 bxc3 40. b4 Kf7 41. b5 axb5 42. a6 b4 43. a7 b3 44. a8Q b2 45. Qb7+ Kf6 46. Qb3 Ke7 47. Qc2 Kd6 48. Kd3 1-0

[Event "GER-chT Lands U20"]
[Site "Wuerzburg"]
[Date "2019.10.03"]
[Round "3.6"]
[White "Lohr, Maximilian"]
[Black "Wu, Luka"]
[Result "1-0"]
[WhiteElo "1996"]
[BlackElo "2117"]
[PlyCount "99"]
[EventDate "2019.10.01"]
[EventType "team-swiss"]
[EventRounds "7"]
[EventCountry "GER"]
[SourceTitle "EXT 2020"]
[Source "ChessBase"]
[SourceDate "2019.10.17"]
[SourceVersion "1"]
[SourceVersionDate "2019.10.17"]
[SourceQuality "1"]
[WhiteTeam "Bayern II"]
[BlackTeam "Baden"]
[WhiteTeamCountry "GER"]
[BlackTeamCountry "GER"]

1. e4 c5 2. Nf3 d6 3. d4 cxd4 4. Nxd4 Nf6 5. Nc3 a6 6. Bg5 e6 7. f4 Nbd7 8. Qf3 Be7 9. 0-0-0 Qc7 10. g4 b5 11. Bxf6 Nxf6 12. g5 Nd7 13. Kb1 Bb7 14. Bh3 g6 15. Rhe1 0-0-0 16. Bxe6 fxe6 17. Nxe6 Qc6 18. Nd5 Rde8 19. Nd4 Qc4 20. b3 Qc5 21. Ne6 Qa3 22. Qc3+ Nc5 23. Nxe7+ Kb8 24. Nxc5 Qxc5 25. Qxc5 dxc5 26. Nd5 Bxd5 27. exd5 Kc7 28. c4 Kd6 29. Kc2 Rhf8 30. Rxe8 Rxe8 31. Kd3 Kd7 32. h4 Rf8 33. Rf1 Rf7 34. Ke4 Re7+ 35. Kf3 Re8 36. h5 bxc4 37. bxc4 Rb8 38. hxg6 hxg6 39. Rh1 Rb4 40. Rh7+ Kd6 41. Rh6 Rxc4 42. Rxg6+ Kxd5 43. Rxa6 Rc1 44. g6 Rf1+ 45. Kg4 Rg1+ 46. Kf5 c4 47. Ra8 Kd6 48. Kf6 Kd7 49. g7 c3 50. g8Q 1-0

[Event "Youth District Germany"]
[Site "Wuerzburg"]
[Date "2018.10.07"]
[Round "7.4"]
[White "Wu, Luka"]
[Black "Richter, Nils"]
[Result "1/2-1/2"]
[WhiteElo "2001"]
[BlackElo "2035"]
[PlyCount "88"]
[EventDate "2018.10.02"]
[EventType "team-swiss"]
[EventRounds "7"]
[EventCountry "GER"]
[SourceTitle "CBM 186 Extra"]
[Source "ChessBase"]
[SourceDate "2018.08.24"]
[SourceVersion "1"]
[SourceVersionDate "2018.08.24"]
[SourceQuality "1"]
[WhiteTeam "Baden U20 II"]
[BlackTeam "Wuerttemberg U20"]
[WhiteTeamCountry "GER"]
[BlackTeamCountry "GER"]

1. c4 Nf6 2. Nc3 g6 3. g3 Bg7 4. Bg2 0-0 5. Nf3 d6 6. 0-0 Nc6 7. Rb1 a5 8. a3 e5 9. d3 h6 10. b4 axb4 11. axb4 Be6 12. b5 Ne7 13. Bb2 Qd7 14. Re1 Bh3 15. Bh1 Ng4 16. Ra1 f5 17. Qb3 Kh7 18. Rxa8 Rxa8 19. Ra1 Rxa1+ 20. Bxa1 e4 21. Ne1 Bd4 22. e3 Nxe3 23. Ne2 Bxa1 24. fxe3 Bg4 25. Kf2 Bxe2 26. Kxe2 exd3+ 27. Nxd3 c6 28. bxc6 bxc6 29. Nb4 c5 30. Nd5 Nxd5 31. Bxd5 Bg7 32. Kf3 h5 33. Kg2 Qe7 34. Qd3 Qe5 35. Kf2 Qa1 36. Qe2 Bh6 37. h4 Qc3 38. Kf3 Bg7 39. Kf2 Be5 40. Kg2 Kh6 41. Qf2 Qd3 42. Qf3 Kh7 43. Qf2 Qc3 44. Qe2 Qa5 1/2-1/2

[Event "Youth District Germany"]
[Site "Wuerzburg"]
[Date "2018.10.05"]
[Round "5.4"]
[White "Wu, Luka"]
[Black "Wagner, Leopold Franziskus"]
[Result "1/2-1/2"]
[WhiteElo "2001"]
[BlackElo "1941"]
[PlyCount "106"]
[EventDate "2018.10.02"]
[EventType "team-swiss"]
[EventRounds "7"]
[EventCountry "GER"]
[SourceTitle "CBM 186 Extra"]
[Source "ChessBase"]
[SourceDate "2018.08.24"]
[SourceVersion "1"]
[SourceVersionDate "2018.08.24"]
[SourceQuality "1"]
[WhiteTeam "Baden U20 II"]
[BlackTeam "Nordrhein Westfalen U20"]
[WhiteTeamCountry "GER"]
[BlackTeamCountry "GER"]

1. e4 c6 2. d4 d5 3. Nc3 dxe4 4. Nxe4 Bf5 5. Ng3 Bg6 6. h4 h6 7. h5 Bh7 8. Nf3 e6 9. Bd3 Bxd3 10. Qxd3 Nf6 11. Bd2 Nbd7 12. 0-0-0 Bd6 13. Ne2 Ng4 14. Be3 Ndf6 15. Kb1 Nd5 16. Rdf1 Qc7 17. c4 Ndxe3 18. fxe3 0-0-0 19. Nd2 Rhf8 20. Nc3 f5 21. Ne2 Kb8 22. Qc3 e5 23. c5 Be7 24. Nc4 Bf6 25. Rxf5 exd4 26. exd4 Qe7 27. Qf3 Rfe8 28. Ng3 Ne3 29. Nd6 Nxf5 30. Ngxf5 Qe2 31. Qb3 Re7 32. Nxe7 Qxe7 33. Qb4 Qd7 34. Rh3 Be7 35. Rf3 Bxd6 36. cxd6 Qxd6 37. Qxd6+ Rxd6 38. Rg3 Rd7 39. Rg6 Kc8 40. Kc2 Kd8 41. Kc3 Ke8 42. Rg4 Kf7 43. Rf4+ Ke6 44. g4 Re7 45. Kd3 Rf7 46. Rxf7 Kxf7 47. Ke4 Ke6 48. b3 b6 49. b4 b5 50. a3 a6 51. Ke3 Ke7 52. Ke4 Ke6 53. Ke3 Ke7 1/2-1/2

[Event "Youth District Germany"]
[Site "Wuerzburg"]
[Date "2018.10.04"]
[Round "3.4"]
[White "Hartge, Gedeon"]
[Black "Wu, Luka"]
[Result "1/2-1/2"]
[WhiteElo "2214"]
[BlackElo "2001"]
[PlyCount "83"]
[EventDate "2018.10.02"]
[EventType "team-swiss"]
[EventRounds "7"]
[EventCountry "GER"]
[SourceTitle "CBM 186 Extra"]
[Source "ChessBase"]
[SourceDate "2018.08.24"]
[SourceVersion "1"]
[SourceVersionDate "2018.08.24"]
[SourceQuality "1"]
[WhiteTeam "Sachsen Anhalt U20"]
[BlackTeam "Baden U20 II"]
[WhiteTeamCountry "GER"]
[BlackTeamCountry "GER"]

1. d4 Nf6 2. c4 e6 3. Nc3 d5 4. cxd5 exd5 5. Bg5 Be7 6. e3 b6 7. Bd3 Bb7 8. Nge2 Nbd7 9. 0-0 Ne4 10. Bf4 Bd6 11. Bxe4 dxe4 12. Bxd6 cxd6 13. d5 Nf6 14. Ng3 0-0 15. Ngxe4 Nxe4 16. Nxe4 Qe7 17. Nc3 Rac8 18. Qg4 Rc5 19. Rfd1 f5 20. Qd4 b5 21. a3 a6 22. Rac1 Rfc8 23. Qf4 Qf6 24. Rd4 Re8 25. Rcd1 Re5 26. h4 Rc7 27. R1d2 h6 28. h5 Qf7 29. Qf3 Qf8 30. Ne2 Qe8 31. Nf4 Ree7 32. Qe2 Re4 33. Qf3 Rc4 34. Rxc4 Rxc4 35. Qg3 Qe5 36. Qg6 Rxf4 37. exf4 Qe1+ 38. Kh2 Qxd2 39. Qe8+ Kh7 40. Qg6+ Kg8 41. Qe8+ Kh7 42. Qg6+ 1/2-1/2

[Event "Baden Wuerttemberg-chT U14"]
[Site "Burg Ortenberg"]
[Date "2018.06.24"]
[Round "4.2"]
[White "Straub, Benno"]
[Black "Wu, Luka"]
[Result "0-1"]
[WhiteElo "1442"]
[BlackElo "2001"]
[PlyCount "110"]
[EventDate "2018.06.23"]
[EventType "team-tourn"]
[EventRounds "5"]
[EventCountry "GER"]
[SourceTitle "EXT 2019"]
[Source "ChessBase"]
[SourceDate "2018.10.10"]
[SourceVersion "1"]
[SourceVersionDate "2018.10.10"]
[SourceQuality "1"]
[WhiteTeam "Zaehringen U14"]
[BlackTeam "Lindenhof U14"]
[WhiteTeamCountry "GER"]
[BlackTeamCountry "GER"]

1. e4 c5 2. c3 Nf6 3. e5 Nd5 4. d4 cxd4 5. cxd4 e6 6. Nf3 b6 7. Bd2 Be7 8. Nc3 Bb7 9. Be2 0-0 10. 0-0 d6 11. Rc1 Nd7 12. Re1 Re8 13. Bc4 Nxc3 14. Rxc3 a6 15. Bd3 dxe5 16. Nxe5 Nxe5 17. dxe5 g6 18. g3 Bb4 19. Rb3 Qd5 20. f3 Bxd2 21. Qxd2 b5 22. Qe3 Qxf3 23. Qxf3 Bxf3 24. Bxb5 axb5 25. Rxf3 Rxa2 26. Rb3 Rb8 27. Rd1 Rb7 28. Kf1 Ra4 29. Kf2 Rc4 30. Kf3 Kf8 31. Ke3 Rc5 32. Ke4 Rbc7 33. Rd6 Ke7 34. Rb6 Rc2 35. h4 Re2+ 36. Kf3 Rxe5 37. R6xb5 Rxb5 38. Rxb5 f5 39. Rb6 Kf6 40. b4 Rc3+ 41. Kg2 Rb3 42. b5 h6 43. Rb8 g5 44. b6 gxh4 45. b7 Ke5 46. gxh4 h5 47. Kh2 Kf4 48. Rh8 Rxb7 49. Rxh5 Kg4 50. Rh6 e5 51. h5 Rb3 52. Re6 e4 53. h6 Rh3+ 54. Kg2 Rh5 55. Kf2 Kg5 0-1

[Event "GER-ch U14"]
[Site "Willingen"]
[Date "2018.05.26"]
[Round "9"]
[White "Koelle, Tobias"]
[Black "Wu, Luka"]
[Result "1-0"]
[WhiteElo "2144"]
[BlackElo "1958"]
[PlyCount "75"]
[EventDate "2018.05.19"]
[EventType "swiss"]
[EventRounds "9"]
[EventCountry "GER"]
[SourceTitle "CBM 184 Extra"]
[Source "ChessBase"]
[SourceDate "2018.06.28"]
[SourceVersion "1"]
[SourceVersionDate "2018.06.28"]
[SourceQuality "1"]

1. d4 Nf6 2. c4 e6 3. Nf3 b6 4. g3 Ba6 5. b3 Bb4+ 6. Bd2 Be7 7. Bg2 c6 8. 0-0 0-0 9. Bc3 d5 10. Nbd2 Nbd7 11. Re1 Rc8 12. e4 dxe4 13. Nxe4 Nxe4 14. Rxe4 Bf6 15. Qc2 Qc7 16. Ne5 Rfd8 17. Rae1 Nf8 18. h4 c5 19. dxc5 Qxc5 20. Nd3 Qe7 21. Bxf6 Qxf6 22. Ne5 Ng6 23. Ng4 Qf5 24. Bh3 Qc5 25. R4e3 Bb7 26. Kh2 Qc6 27. h5 Ne7 28. Ne5 Qc5 29. Nxf7 Rf8 30. Re5 Nd5 31. Bxe6 Rxf7 32. Bxf7+ Kxf7 33. Qf5+ Nf6 34. Rxc5 Rxc5 35. Qe6+ Kf8 36. Qe7+ Kg8 37. Qd8+ Kf7 38. Re7# 1-0

[Event "GER-ch U14"]
[Site "Willingen"]
[Date "2018.05.23"]
[Round "6"]
[White "Weihrauch, Jakob"]
[Black "Wu, Luka"]
[Result "1/2-1/2"]
[WhiteElo "2065"]
[BlackElo "1958"]
[PlyCount "72"]
[EventDate "2018.05.19"]
[EventType "swiss"]
[EventRounds "9"]
[EventCountry "GER"]
[SourceTitle "CBM 184 Extra"]
[Source "ChessBase"]
[SourceDate "2018.06.28"]
[SourceVersion "1"]
[SourceVersionDate "2018.06.28"]
[SourceQuality "1"]

1. e4 c5 2. Nf3 d6 3. d4 cxd4 4. Nxd4 Nf6 5. Nc3 a6 6. g3 e5 7. Nde2 Be7 8. Bg2 b5 9. Nd5 Nxd5 10. Qxd5 Ra7 11. Be3 Rb7 12. 0-0 Qc7 13. Rfd1 Be6 14. Qd2 0-0 15. Nc3 Rc8 16. Rac1 Nd7 17. Nd5 Bxd5 18. Qxd5 Nb6 19. Bxb6 Rxb6 20. Bh3 Rcb8 21. Rd3 Rc6 22. Rf3 Bf6 23. Qd2 Qd8 24. Rd1 Rbb6 25. Bg4 Kf8 26. h4 Rc4 27. Rc3 Qc7 28. Rxc4 Qxc4 29. Qd5 Qxd5 30. Rxd5 Bd8 31. Kf1 b4 32. Be2 Rc6 33. Bd3 Ke7 34. Ke2 Ke6 35. f3 h6 36. b3 Bc7 1/2-1/2

[Event "GER-ch U14"]
[Site "Willingen"]
[Date "2017.06.10"]
[Round "9"]
[White "Wu, Luka"]
[Black "Stork, Oliver"]
[Result "1/2-1/2"]
[WhiteElo "1920"]
[BlackElo "1997"]
[PlyCount "86"]
[EventDate "2017.06.04"]
[EventType "swiss"]
[EventRounds "9"]
[EventCountry "GER"]
[SourceTitle "CBM 178 Extra"]
[Source "ChessBase"]
[SourceDate "2017.06.22"]
[SourceVersion "1"]
[SourceVersionDate "2017.06.22"]
[SourceQuality "1"]

1. e4 c6 2. d4 d5 3. Nc3 dxe4 4. Nxe4 Bf5 5. Ng3 Bg6 6. h4 h6 7. h5 Bh7 8. Nf3 Nd7 9. Bd3 Bxd3 10. Qxd3 e6 11. Bd2 Ngf6 12. 0-0-0 Be7 13. Ne4 Nxe4 14. Qxe4 Nf6 15. Qe2 Qd5 16. c4 Qe4 17. Rde1 Qxe2 18. Rxe2 0-0 19. Ne5 Rfd8 20. Be3 Rac8 21. b3 c5 22. dxc5 Bxc5 23. f3 Bxe3+ 24. Rxe3 Nd5 25. Rd3 Nf4 26. Rxd8+ Rxd8 27. Rh2 f6 28. Ng4 Kf7 29. Nf2 f5 30. Kc2 Kf6 31. g4 Kg5 32. Rh1 Ne2 33. Nh3+ Kf6 34. Rf1 e5 35. Rf2 Nd4+ 36. Kc3 Ne6 37. Kc2 f4 38. Rf1 Ng5 39. Nf2 Rd4 40. Nd1 Ke6 41. Nc3 a6 42. Ne2 Rd7 43. Nc3 Rd4 1/2-1/2

[Event "GER-ch U14"]
[Site "Willingen"]
[Date "2017.06.09"]
[Round "8"]
[White "Gutkin, Ilya"]
[Black "Wu, Luka"]
[Result "0-1"]
[WhiteElo "1829"]
[BlackElo "1920"]
[PlyCount "56"]
[EventDate "2017.06.04"]
[EventType "swiss"]
[EventRounds "9"]
[EventCountry "GER"]
[SourceTitle "CBM 178 Extra"]
[Source "ChessBase"]
[SourceDate "2017.06.22"]
[SourceVersion "1"]
[SourceVersionDate "2017.06.22"]
[SourceQuality "1"]

1. e4 c5 2. Nc3 d6 3. g3 g6 4. Bg2 Bg7 5. Nge2 e6 6. d3 Ne7 7. 0-0 0-0 8. Be3 Nbc6 9. d4 b6 10. dxc5 dxc5 11. f4 Ba6 12. e5 Qc7 13. Rf2 Rad8 14. Qe1 Nf5 15. Nc1 Rd7 16. Nb3 Rfd8 17. Rd1 Rxd1 18. Nxd1 Rxd1 19. Qxd1 Nxe3 20. Qf3 Nxg2 21. Rxg2 Bf8 22. Rd2 c4 23. Nc1 Bc5+ 24. Kg2 Bb7 25. Qd1 Nxe5+ 26. Kh3 Bf3 27. Rd8+ Kg7 28. Qd2 Bg4+ 0-1

[Event "GER-ch U14"]
[Site "Willingen"]
[Date "2017.06.08"]
[Round "7"]
[White "Wu, Luka"]
[Black "Dahl, Christoph"]
[Result "0-1"]
[WhiteElo "1920"]
[BlackElo "1808"]
[PlyCount "120"]
[EventDate "2017.06.04"]
[EventType "swiss"]
[EventRounds "9"]
[EventCountry "GER"]
[SourceTitle "CBM 178 Extra"]
[Source "ChessBase"]
[SourceDate "2017.06.22"]
[SourceVersion "1"]
[SourceVersionDate "2017.06.22"]
[SourceQuality "1"]

1. e4 e5 2. Nf3 Nc6 3. Bb5 a6 4. Ba4 Nf6 5. 0-0 b5 6. Bb3 Be7 7. Re1 d6 8. c3 0-0 9. h3 Be6 10. d4 Bxb3 11. axb3 exd4 12. cxd4 d5 13. e5 Ne4 14. Nc3 Bb4 15. Bd2 f5 16. exf6 Nxf6 17. Qc2 Qd6 18. Rec1 Ne7 19. Ne2 Bxd2 20. Nxd2 c6 21. Ng3 Qf4 22. Ne2 Qh4 23. Nf3 Qe4 24. Ng3 Qxc2 25. Rxc2 Rfc8 26. Ne5 Rc7 27. Ne2 Nd7 28. Nxd7 Rxd7 29. Nf4 Rd6 30. Nd3 Nf5 31. Nc5 Nxd4 32. Rd2 Ne6 33. b4 Nxc5 34. bxc5 Re6 35. b4 Re4 36. Rda2 Rxb4 37. Rxa6 Rc8 38. Ra8 Rb1+ 39. Kh2 Rxa8 40. Rxa8+ Kf7 41. Rc8 Rc1 42. Rxc6 d4 43. Kg3 d3 44. Rd6 b4 45. Rxd3 Rc3 46. Re3 Rxe3+ 47. fxe3 b3 48. c6 Ke7 49. Kf4 b2 50. c7 Kd7 51. Kf3 b1Q 52. Kf2 Kxc7 53. Kf3 Qf1+ 54. Kg3 Qe2 55. Kh2 Qxe3 56. Kh1 Qe1+ 57. Kh2 Kd6 58. g3 Ke5 59. h4 Ke4 60. h5 Kf3 0-1

[Event "GER-chT U12"]
[Site "Magdeburg"]
[Date "2016.12.30"]
[Round "7.2"]
[White "Wu, Luka"]
[Black "Pahl, Theis"]
[Result "1/2-1/2"]
[WhiteElo "1707"]
[BlackElo "1610"]
[PlyCount "92"]
[EventDate "2016.12.27"]
[EventType "team-swiss"]
[EventRounds "7"]
[EventCountry "GER"]
[SourceTitle "EXT 2018"]
[Source "ChessBase"]
[SourceDate "2017.10.13"]
[SourceVersion "1"]
[SourceVersionDate "2017.10.13"]
[SourceQuality "1"]
[WhiteTeam "Mannheim Lindenhof"]
[BlackTeam "Delmenhorst"]
[WhiteTeamCountry "GER"]
[BlackTeamCountry "GER"]

1. e4 c5 2. Nf3 e6 3. d4 cxd4 4. Nxd4 Nf6 5. Bd3 a6 6. 0-0 Qc7 7. Nc3 d6 8. Be3 Nbd7 9. Nb3 b5 10. a3 Bb7 11. Qe2 Ne5 12. f4 Nxd3 13. cxd3 Be7 14. Rac1 Qd7 15. Na5 0-0 16. Nxb7 Qxb7 17. Rf3 e5 18. f5 d5 19. Rg3 Kh8 20. Nxd5 Nxd5 21. exd5 Qxd5 22. Rh3 f6 23. Qh5 Qg8 24. Rc7 Bd6 25. Rc6 Rfd8 26. Kf1 Bf8 27. Ke2 Rdc8 28. Rc1 Rxc1 29. Bxc1 Rc8 30. Kd2 h6 31. Re3 Qb3 32. Qd1 Qxd1+ 33. Kxd1 Bc5 34. Re2 Rd8 35. Kc2 Kg8 36. Be3 Bxe3 37. Rxe3 Kf7 38. Rg3 Rd4 39. Kd2 Rf4 40. Rf3 Rxf3 41. gxf3 Ke7 42. Ke3 Kd6 43. Ke4 Kc5 44. b4+ Kc6 45. d4 exd4 46. Kxd4 Kd6 1/2-1/2